Προσχολική αγωγή και κατάρτιση νηπιαγωγών

Αποθηκεύτηκε σε:
Λεπτομέρειες βιβλιογραφικής εγγραφής
Συγγραφή απο Οργανισμό/Αρχή: Παιδαγωγικό Συμπόσιο
Άλλοι συγγραφείς: Δανάκη - Ηλιού, Μαρία Κ. (Επιμελητής έκδοσης)
Μορφή: Βιβλίο
Γλώσσα:Greek
Δημοσίευση: Αθήνα : Πανεπιστήμιο Θεσσαλίας, 1986
Θέματα:
Ετικέτες: Προσθήκη ετικέτας
Δεν υπάρχουν, Καταχωρήστε ετικέτα πρώτοι!

MARC

LEADER 00000cam a2200000 i 4500
001 1/98969
008 000125s1986 gr | ||| |||| ||gre||
035 |l 10056705 
040 |a GR-MY-UA  |b gre  |e aacr 
041 0 |a gre 
082 0 |a 372.2109495 
110 2 |a Παιδαγωγικό Συμπόσιο. 
245 1 0 |a Προσχολική αγωγή και κατάρτιση νηπιαγωγών /  |c Παιδαγωγικό Συμπόσιο, Βόλος, 23-24 Σεπτεμβρίου 1985 ; επιμέλεια έκδοσης Μαρία Ηλιού 
260 |a Αθήνα :   |b Πανεπιστήμιο Θεσσαλίας,   |c 1986 
300 |a 203 σ. 
500 |a Το Συμπόσιο οργανώθηκε από το Πανεπιστήμιο Θεσσαλίας με τη συνεργασία με του Δήμο Βόλου και του Τεχνικού Επιμελητηρίου Ελλάδος, Τμήμα Μαγνησίας 
650 0 0 |a Education, Preschool  |z Greece  |x Congresses. 
650 0 0 |a Kindergarten  |x Congresses. 
650 0 0 |a Nursery schools  |z Greece  |x Congresses. 
650 0 0 |a Education of children  |x Congresses. 
700 1 |a Δανάκη - Ηλιού, Μαρία Κ.  |4 edt 
852 |a INST  |b RHODES  |e 20000125  |h 372.2109495 ΠΡΟ  |p 005400002647  |q 005400002647  |t BK  |y 0 
909 |a Ρ  |b 006355 
922 |a 4ΕΛΗ  |b 198705 
970 |a ΧΟΡΟΖΙΔΟΥ  |b ΤΖΕΝΗ  |z 2000/01/25